000 00278nam a2200109Ia 4500
008 201217s9999 xx 000 0 und d
100 _aSpivakovsky, A.O and Dyachkov,V.K
245 0 _aConveying Machines, Vol.II.
260 _aMoscow
_bMir Publishers
300 _a229
942 _cBK
999 _c7141
_d7141